00964nam a2200265 i 4500003000900000005001700009006001900026007000300045008004100048040002500089082001400114245007000128246003400198264004400232300004400276336002600320337003300346338002800379500007700407590002700484700002500511942001400536952013100550999001700681DO-SdBNP20230418080721.0a||||er|||| 00| 0 ta230417e200? dr a|||er|||| 00| edspa d aDO-SdBNPbspacBNPHU 4222bA997a10aAgobio de prisa:bII pausa. /cSebastian y Azucena, Juan Jo Marte11aAgobio de prisa:b2da. pausa.00a[Santo Domingo] :bABORIGEN,csin fecha a[88] páginasbIlustraciones, c24 cm. 2rdacontenatextobtxt 2rdamediaasin mediaciónbn 2rdacarrieravolumenbnc aIncluye datos biográficos del autor en la solapa de la contracubierta. aInventariado 2023 / MF1 aMarte, Juanjo983269 2ddccLBS1 00102ddc51708PDaBNPHUbBNPHUcCTd2022-02-09eDonado por Víctor Hugol0oA997ap2023-1420r2023-04-17w2023-04-17yLBS1 c53289d53289